Born in Warsaw - Statistics

General Stats
  • This quiz has been taken 36 times
    12 since last reset
  • The average score is 6 of 16
Answer Stats
Hint Answer % Correct
First woman to win a Nobel Prize, only woman to win the Nobel Prize twice and only person to win the Nobel Prize in two scientific fields 1867 Marie Curie
83%
All-time top scorer and captain of the Polish national team, FC Barcelona 1988 Robert Lewandowski
83%
Tennis player and first Polish player to win a Grand Slam title 2001 Iga Swiatek
67%
Goalkeeper of the Polish national team, FC Barcelona 1990 Wojciech Szczesny
67%
former Prime Minister and Deputy Prime Minister of Poland, twin brother of ^ 1949 Jarolaw Kaczynski
50%
President of Poland and Mayor of Warsaw, was killed in a airplane crash 1949 Lech Kaczynski
50%
Polish-american model 1979 Joanna Krupa
33%
Polish military commander, who has been called "the father of the American cavalry" 1745 Casimir Pulaski
25%
British-Polish physicist and Nobel Peace Prize laureate 1908 Joseph Rotblat
25%
Polish-American biochemist, formulated the concept of vitamins 1884 Kazimierz Funk
25%
Director, "Three Colours"-trilogy 1941 Krysztof Kieslowski
25%
Director, "Cold War" "Ida" 1957 Pawel Pawlikowski
25%
French-American mathematician, "Father of fractal geometry" 1924 Benoît Mandelbrot
17%
Cinematographer, "Pirates of the Caribbean" "The Martian" 1956 Dariusz Wolski
17%
Polish-American film producer and co-founder of Metro-Goldwyn-Mayer and United Artists 1879 Samuel Goldwyn
17%
Footballer who plays for Bayern Munich and the Polish women's national team 1999 Weronika Zawistowska
17%
No matching quizzes found
Score Distribution
Percent of People with Each Score
Percentile by Number Answered
Your Score History
You have not taken this quiz since the last reset